[Event "Uruguayan-ch Final 2021"]
[Site "Montevideo"]
[Date "2021.11.22"]
[Round "1.1"]
[White "Ulaneo, Nicolas"]
[Black "Rodi, Luis Ernesto"]
[Result "1-0"]
[WhiteElo "2164"]
[BlackElo "2358"]
[Annotator "TA"]
[PlyCount "103"]
[EventDate "2021.11.22"]
[EventType "tourn"]
[EventCountry "URU"]
[SourceTitle "playchess.com"]
[Source "ChessBase"]
[SourceQuality "1"]

{[%evp 9,103,-2,-2,-15,0,-18,0,0,-2,-17,-17,-15,-14,-27,8,-47,-14,-33,20,9,30,28,56,55,49,50,50,54,43,52,46,35,54,57,58,60,55,45,43,16,30,0,0,0,16,2,9,10,118,118,125,118,127,117,122,120,397,425,493,535,610,610,610,604,904,510,500,491,12693,4134,7245,6495,1517,1291,29967,29964,29976,29977,29976,29978,29978,29980,29980,29981,29977,29979,29985,29985,29985,29986,29987,29988,29988,29989,29989,29990]} 1. e4 e5 2. Nc3 Nf6 3. g3 Bc5 4. Bg2 Nc6 5. d3 O-O 6. Nge2 {C26: Vienna Game: 2...Nf6, sidelines .} Nd4 7. O-O d6 8. Nxd4 {The position is equal.} Bxd4 9. h3 {[#]} c6 $146 ({Predecessor:} 9... Be6 10. Ne2 Bb6 11. c4 c6 {½-½ (11) Boricsev,O (2398)-Maryasin,B (2321) Feffernitz 2011}) 10. Ne2 Bb6 11. d4 Qe7 12. Qd3 (12. Re1 $11) 12... Re8 13. Bd2 exd4 (13... d5 $15) 14. Nxd4 $11 d5 15. exd5 Nxd5 16. Rfe1 Qd8 17. Rxe8+ Qxe8 18. Re1 {[%cal Re1e8]} Qd8 {[#]} 19. Bg5 $1 f6 (19... Qf8 20. a3) 20. Bc1 Bd7 21. Nf5 Bxf5 22. Qxf5 Qd6 23. c4 Ne7 24. Qg4 {[#] Bf4 is the strong threat.} f5 25. Qg5 Ng6 26. Be3 ({Reject} 26. Qxf5 Rf8 $17) 26... Qb4 (26... Qe6 {seems wilder.} 27. Bf1 Qe4 28. b3 Rf8 29. c5 Bd8) 27. Rd1 Bxe3 28. Qxe3 Nf8 (28... Qxb2 $11 29. Qe6+ Kh8) 29. b3 $16 a5 30. c5 a4 31. Bf1 axb3 32. axb3 h6 $2 {[%mdl 8192] This costs Black the game.} (32... Qe4 $16) 33. Bc4+ $18 Kh7 34. Qe5 Ng6 35. Qxf5 {Strongly threatening Bd3.} Rf8 36. Qc2 Rf6 37. Rd8 Qe1+ 38. Kg2 {aiming for Bg8+.} h5 (38... Qe7 $142) 39. Bd3 Qe7 40. Bxg6+ Rxg6 {[%mdl 4096] Endgame KQR-KQR} 41. Rd6 Qf7 42. f4 {White mates.} Kh6 43. Rxg6+ Qxg6 44. Qxg6+ Kxg6 {KP-KP} 45. Kf3 Kf5 46. g4+ Ke6 47. Ke4 h4 48. f5+ Kf6 49. Kf4 g5+ 50. Ke4 Kf7 51. Ke5 Ke7 52. f6+ {Weighted Error Value: White=0.15/Black=0.37} 1-0

[Event "Uruguayan-ch Final 2021"]
[Site "Montevideo"]
[Date "2021.11.22"]
[Round "1.3"]
[White "Granara Barreto, Sebastian"]
[Black "Roselli Mailhe, Bernardo"]
[Result "0-1"]
[WhiteElo "2156"]
[BlackElo "2428"]
[Annotator "TA"]
[PlyCount "80"]
[EventDate "2021.11.22"]
[EventType "tourn"]
[EventCountry "URU"]
[SourceTitle "playchess.com"]
[Source "ChessBase"]
[SourceQuality "1"]

{[%evp 15,80,27,39,27,35,35,34,32,32,35,38,13,18,18,29,25,33,0,18,0,24,22,20,6,16,0,27,-10,-8,-41,-34,-47,-10,-57,-47,-48,-69,-79,-20,-18,-12,-34,55,-47,-37,-37,-27,-79,-77,-57,-60,-103,66,-160,-150,-275,-271,-266,-264,-285,-320,-307,-284,-742,-748,-738,-710]} 1. e4 {Schussler,H} d6 2. d4 Nf6 3. Nc3 Nbd7 4. Nf3 e5 5. g3 Be7 6. Bg2 O-O 7. O-O c6 8. a4 a5 9. b3 {C41: Philidor Defence.} Re8 10. Bb2 Bf8 11. Qd2 {White is slightly better.} Qb6 12. Rfe1 exd4 {[#]} 13. Qxd4 $146 (13. Nxd4 {looks sharper.} Nc5 14. Kh1 g6 15. f3 Qc7 16. Rad1) ({Predecessor:} 13. Nxd4 Nc5 14. h3 Bd7 15. Rad1 Rad8 16. Kh2 Bc8 17. f4 g6 18. Qf2 Bg7 19. Rd2 {1-0 (49) Zapata,A (2480)-Alzate,D (2390) Cali 1990 CBM 019 [Schussler,H]}) 13... Qxd4 14. Nxd4 Nc5 15. Rad1 Na6 16. Na2 Bd7 17. Nf5 Bxf5 18. exf5 d5 19. Bc3 Nb4 20. Nxb4 {[#] Black must now prevent Nd3.} Bxb4 21. Bxb4 axb4 22. f3 Kf8 23. Kf2 Ra5 24. Rxe8+ (24. Rd4 {is more complex.} Rxe1 25. Kxe1 c5 26. Rd3 d4 27. f4) 24... Nxe8 $11 {[%mdl 4096] Endgame KRB-KRN} 25. Bf1 Rc5 26. Bd3 Ke7 ({Better is} 26... Rc3 $17) 27. Re1+ Kd7 28. Ke3 Nd6 (28... Rc3 $15) 29. g4 ({White should try} 29. f6 $1 $14 gxf6 30. Bxh7) 29... Rc3 $15 30. Kd2 c5 31. Rb1 (31. a5 $11 {keeps the balance.}) 31... Kc6 $17 32. h4 f6 33. g5 Nf7 $2 (33... b6 $17) 34. f4 $2 (34. g6 $1 $14 {stays ahead.} hxg6 35. fxg6) 34... Nd6 35. Re1 (35. h5 $17 h6 36. Bb5+ Nxb5 37. axb5+ Kxb5 38. Re1) 35... c4 $19 36. bxc4 dxc4 37. Be4+ Kc5 38. h5 {[#]} h6 $1 39. gxh6 $2 (39. Bh1) 39... gxh6 40. Bg2 Rg3 {Weighted Error Value: White=0.52/Black=0.23} 0-1

[Event "Uruguayan-ch Final 2021"]
[Site "Montevideo"]
[Date "2021.11.22"]
[Round "1.4"]
[White "Carbone, Diego"]
[Black "Vazquez, Facundo"]
[Result "1/2-1/2"]
[WhiteElo "2236"]
[BlackElo "2163"]
[Annotator "TA"]
[PlyCount "70"]
[EventDate "2021.11.22"]
[EventType "tourn"]
[EventCountry "URU"]
[SourceTitle "playchess.com"]
[Source "ChessBase"]
[SourceQuality "1"]

{[%evp 17,70,25,25,25,22,18,25,25,25,13,23,28,15,17,53,45,52,16,11,-17,-19,-16,-13,-66,-66,-56,-61,-64,-56,-50,-30,-28,-28,-28,-26,-30,0,0,0,-15,-13,-9,-4,-5,-3,-14,-7,-29,-8,-22,0,-3,-3,-18,-13]} 1. d4 Nf6 2. c4 e6 3. g3 d5 4. Bg2 dxc4 5. Nf3 Nc6 6. Qa4 Bb4+ 7. Bd2 Nd5 8. Bxb4 Ndxb4 9. O-O Rb8 10. Na3 {E04: Open Catalan: 5 Nf3.} O-O {10...0-0 is better than 10...a6.} 11. Qb5 b6 12. Qxc4 {White has an edge.} Ba6 13. Nb5 Qd5 14. Qxd5 Nxd5 15. a4 Na5 16. Ne5 Rbd8 17. Bxd5 {[#] Bf3 is the strong threat.} Bxb5 18. Bf3 (18. Ba2 {is interesting.} Bxa4 19. e3 c5 20. dxc5 Nc6 21. Nf3) 18... Be8 $36 {[%mdl 2048] Black fights for an advantage.} 19. Rac1 f6 20. Nd3 (20. b4 $11) 20... Nb3 $1 $15 {[%cal Rb3c1]} 21. Rxc7 Nxd4 22. Kg2 {[#]} Rf7 $146 (22... a5 {looks sharper.} 23. b4 axb4 24. Nxb4 Rf7 25. Rc3 Nxf3 26. Kxf3 Bxa4 27. Ra1 Ra7) ({Predecessor:} 22... a5 23. Ra1 e5 24. Ne1 Nb3 25. Ra3 Nc5 26. Nc2 e4 27. Bg4 f5 28. Bh3 Rd2 {0-1 (44) Stefanov,E (2455)-Sanikidze,T (2533) Kesan 2017}) 23. Rfc1 Bxa4 24. Rxf7 Kxf7 25. Ra1 $1 {[%cal Ra1a4]} Bb5 26. Rxa7+ Rd7 (26... Kf8 {with more complications.} 27. Nf4 e5 28. e3 exf4 29. exd4 Rxd4 30. Rb7 Rb4) 27. Rxd7+ Bxd7 $11 {[%mdl 4096] Endgame KBN-KBN} 28. Nb4 Ke7 29. Be4 f5 30. Bd3 Kd6 31. e3 Nb3 32. Bc2 Nc5 33. f4 {The position is equal.} e5 34. fxe5+ Kxe5 35. g4 g6 {Weighted Error Value: White=0.10/Black=0.04} 1/2-1/2

[Event "Uruguayan-ch Final 2021"]
[Site "Montevideo"]
[Date "2021.11.22"]
[Round "1.5"]
[White "Coppola, Claudio"]
[Black "Larrea, Manuel"]
[Result "1-0"]
[WhiteElo "2248"]
[BlackElo "2222"]
[Annotator "TA"]
[PlyCount "83"]
[EventDate "2021.11.22"]
[EventType "tourn"]
[EventCountry "URU"]
[SourceTitle "playchess.com"]
[Source "ChessBase"]
[SourceQuality "1"]

{[%evp 14,83,44,16,23,24,41,24,60,33,74,29,91,99,99,98,98,98,98,86,148,133,151,164,136,108,110,120,116,125,143,134,128,127,171,129,161,138,143,89,100,102,105,102,93,93,137,137,206,208,211,191,277,281,278,219,252,232,273,268,283,283,273,270,317,316,308,281,552,549,552,546]} 1. d4 Nf6 2. c4 g6 3. Nf3 Bg7 4. g3 O-O 5. Bg2 d6 6. O-O Nc6 7. Nc3 a6 8. Bf4 Rb8 {E63: King's Indian: Fianchetto: Panno Variation with 7...a6.} 9. Rc1 Bf5 {9...h6 is a critical line.} 10. Qd2 Re8 {[#] White has an edge.} 11. Rfd1 $146 (11. d5 $5 {[%cal Rd5c6]} e5 12. Bg5 $14) ({Predecessor:} 11. d5 Na5 12. b3 c5 13. dxc6 Nxc6 14. Nh4 Be6 15. Nd5 Nd7 16. Nf3 Nde5 17. Ng5 {1-0 (31) Jaworski,M (2268)-Drozniak,S (2084) Orlova 2016}) 11... Qc8 12. d5 Na5 (12... e5 $11 {keeps the balance.}) 13. e4 $16 Bd7 14. Ne2 b6 15. b4 Nb7 16. Nfd4 e5 (16... Ng4 $142) 17. dxe6 $1 fxe6 18. e5 $36 {[%mdl 2048] Keeping Black busy.} Nh5 19. Nc6 {[#] And now Na7 would win.} Nxf4 20. Nxf4 Bxc6 21. Bxc6 {[%cal Re5d6]} Bxe5 22. Bxe8 Qxe8 23. Re1 Nd8 24. Nd3 Bd4 25. Qf4 Nc6 26. c5 (26. Qe4 $142) 26... bxc5 27. bxc5 Ne5 28. Nxe5 dxe5 29. Qe4 Rb2 30. Re2 Qb5 (30... Rxe2 $16 31. Qxe2 Qc6) 31. Rxb2 Qxb2 $18 {[%mdl 4096] Endgame KQR-KQB} 32. Rc2 Qb4 (32... Qb1+ {keeps fighting.} 33. Kg2 Qd1) 33. Kg2 Qb1 34. h4 Kg7 35. g4 Qd1 36. g5 h6 {intending ...hxg5.} 37. Qe2 Qb1 38. c6 hxg5 39. hxg5 Qb4 40. Qg4 Qd6 {[#]} (40... Qb1 41. Rc4 Qf5 42. Qxf5 gxf5) 41. Qh4 Qd5+ 42. f3 {Weighted Error Value: White=0.12/Black=0.31} 1-0

[Event "Uruguayan-ch Final 2021"]
[Site "Montevideo"]
[Date "2021.11.22"]
[Round "1.6"]
[White "Diaz Hollemaert, Nahuel"]
[Black "Michailov, Matias"]
[Result "1/2-1/2"]
[WhiteElo "2441"]
[BlackElo "2262"]
[Annotator "TA"]
[PlyCount "59"]
[EventDate "2021.11.22"]
[EventType "tourn"]
[EventCountry "URU"]
[SourceTitle "playchess.com"]
[Source "ChessBase"]
[SourceQuality "1"]

{[%evp 14,59,26,4,32,14,39,-14,30,8,16,12,23,19,31,31,29,29,25,26,27,30,32,37,23,26,45,20,25,22,27,8,17,12,15,9,16,16,18,13,18,0,17,0,21,0,22,0]} 1. c4 g6 2. g3 Bg7 3. Bg2 d6 4. Nc3 Nf6 5. Nf3 O-O 6. O-O e5 $1 {The main line 6...e5 scores better than 6...Nc6.} 7. Rb1 Nc6 8. b4 {[%cal Bb2b4,Bb4b5][%mdl 32]} h6 {A29: English Opening: Four Knights Variation with 4 g3.} 9. b5 Ne7 {[#]} 10. c5 $146 (10. d4 $14) ({Predecessor:} 10. a4 Be6 11. d3 Qd7 12. Ba3 Bh3 13. c5 Bxg2 14. Kxg2 Rad8 15. cxd6 cxd6 16. Qb3 Nh5 17. Rfd1 Kh7 18. d4 exd4 19. Nxd4 Qg4 {1-0 (56) Dubov,D (2661)-Edouard,R (2636) Berlin 2015}) 10... Nf5 11. cxd6 cxd6 12. d3 Re8 13. e4 Nd4 14. Nxd4 exd4 15. Ne2 {[%cal Bc3e2,Be2d4,Bd4f3][%mdl 32]} d5 {[%cal Rd5e4]} 16. e5 Rxe5 17. Nxd4 Bd7 18. Bb2 {Black must now prevent Nc6!} Re8 19. Qb3 Qb6 20. Nf3 a6 21. Bd4 Qd6 22. bxa6 bxa6 {The position is equal.} 23. Qb6 Qxb6 24. Rxb6 Re6 25. Rfb1 Rc8 26. Rb8 Ree8 27. R8b6 Re6 28. Rb8 Ree8 29. R8b6 Re6 30. Rb8 {Weighted Error Value: White=0.09/Black=0.05} 1/2-1/2

[Event "Uruguayan-ch Final 2021"]
[Site "Montevideo"]
[Date "2021.11.23"]
[Round "2.1"]
[White "Rodi, Luis Ernesto"]
[Black "Michailov, Matias"]
[Result "1-0"]
[WhiteElo "2358"]
[BlackElo "2262"]
[Annotator "TA"]
[PlyCount "91"]
[EventDate "2021.11.22"]
[EventType "tourn"]
[EventCountry "URU"]
[SourceTitle "playchess.com"]
[Source "ChessBase"]
[SourceQuality "1"]

{[%evp 18,91,-9,-11,0,0,0,0,4,8,0,0,0,-41,-32,-52,-17,-79,47,22,19,15,18,0,11,0,0,0,0,0,10,11,14,10,14,16,25,0,12,0,61,53,66,-36,0,0,63,46,228,225,258,0,0,0,0,0,555,539,829,828,820,781,743,811,719,735,556,708,1466,1207,928,1621,2232,2646,5257,5220]} 1. c4 g6 2. Nc3 Bg7 3. g3 c5 4. Bg2 Nc6 5. e4 d6 6. Nge2 Nf6 7. O-O O-O 8. d3 a6 9. h3 Rb8 10. a4 Nd7 {A36: Symmetrical English vs ...g6: 4 Bg2 Bg7.} 11. Be3 Nd4 12. Rb1 Nxe2+ {The position is equal.} 13. Qxe2 Ne5 14. f4 Nc6 {[#]} 15. f5 $146 ({Predecessor:} 15. Qf2 Nd4 16. f5 gxf5 17. b4 fxe4 18. Nxe4 Nf5 19. bxc5 Nxe3 20. Qxe3 dxc5 21. Kh2 {0-1 (97) Piorun,K (2525)-Golubov,S (2348) Chess.com INT 2015}) 15... Nd4 16. Qd2 b5 17. Bh6 (17. cxb5 $11 {keeps the balance.} axb5 18. axb5) 17... Bb7 (17... bxc4 $17 18. Bxg7 Kxg7 19. dxc4 Rb3) 18. Bxg7 Kxg7 19. axb5 axb5 20. cxb5 Qa5 21. Rf4 f6 22. fxg6 hxg6 23. Rh4 Rh8 24. Rxh8 Rxh8 25. e5 $1 {[%cal Re5f6]} Qa8 26. exf6+ exf6 {Threatens to win with ...Rxh3!} 27. h4 f5 28. b4 f4 ({Black should try} 28... Re8 $11) 29. bxc5 (29. Qxf4 Bxg2 30. Qf2 Nf3+ 31. Kxg2 Nxh4+ 32. Kf1 Nf3 $19) (29. gxf4 $2 Rxh4 30. Ne4 Rg4 $19) 29... dxc5 {[#] White should prevent ...f3.} 30. Ne4 ({Worse is} 30. gxf4 Rxh4 31. Ne4 Bxe4 $17) ({White should play} 30. Ne2 $1 $14 f3 31. Nxd4 cxd4 32. Bf1) 30... f3 (30... Bxe4 $5 31. dxe4 (31. Bxe4 $2 Qxe4 32. Qxf4 Qe7 $19) 31... f3 $17) 31. Nxc5 {And now Qb2 would win.} Ne2+ ({Avoid the trap} 31... fxg2 $2 32. Qc3 $18) (31... Qe8 $1 $11 32. Nxb7 fxg2) 32. Kf2 $1 $14 {Ne6+ is the strong threat.} Bd5 {[#]} (32... Re8 $1 $14 33. Qb2+ Kg8) 33. Bf1 $1 $18 Re8 {Black wants to play ...Qb8!} 34. Qg5 $2 ({White has to play} 34. Ne4 $1 $18) 34... Qa2 {( -> ...Nf4+)} 35. Ra1 $1 {[%cal Ra1a2]} Qxa1 36. Qxd5 {Black must now prevent Qd7+.} Re5 $2 {[%mdl 8192]} (36... Qf6 $11 {and Black stays safe.} 37. Ne4 Qd4+ 38. Qxd4+ Nxd4) 37. Qd7+ {White is clearly winning.} Kh6 {Strongly threatening ...Nxg3.} 38. Ne6 Rxe6 39. Qxe6 Nd4 40. Qe3+ Kh7 41. Qe7+ Kg8 42. Qd8+ Kh7 43. b6 Qa2+ {[#]} 44. Ke3 $1 Nc2+ 45. Kf4 Qe6 46. Qc7+ {[%mdl 64] Double Attack.  Weighted Error Value: White=0.20/Black=0.65} 1-0

[Event "Uruguayan-ch Final 2021"]
[Site "Montevideo"]
[Date "2021.11.23"]
[Round "2.2"]
[White "Larrea, Manuel"]
[Black "Diaz Hollemaert, Nahuel"]
[Result "1-0"]
[WhiteElo "2222"]
[BlackElo "2441"]
[Annotator "TA"]
[PlyCount "51"]
[EventDate "2021.11.22"]
[EventType "tourn"]
[EventCountry "URU"]
[SourceTitle "playchess.com"]
[Source "ChessBase"]
[SourceQuality "1"]

{[%evp 16,51,22,27,27,-11,1,0,0,-44,-31,-39,-32,-135,-135,-133,-136,-139,-135,-133,-78,-70,0,7,0,0,0,0,0,0,0,-12,-11,-12,20,19,590,593]} 1. e4 c5 2. Nf3 e6 3. c3 Nf6 4. e5 Nd5 5. d4 cxd4 6. cxd4 d6 7. Bc4 Nb6 8. Bb3 dxe5 9. Nxe5 Nc6 {B22: Sicilian: 2 c3.} 10. Qh5 {[%csl Ge5][%cal Rh5f7]} Nxe5 ({Wrong is} 10... Qxd4 $2 11. Qxf7+ Kd8 12. Nxc6+ bxc6 13. Bg5+ Qf6 14. Bxf6+ $18) 11. dxe5 Qd3 {[#] The position is equal.} 12. Qg4 $146 ({Predecessor:} 12. Nc3 Bb4 13. Bd2 Bxc3 14. Bxc3 Bd7 15. Qe2 Qxe2+ 16. Kxe2 Bb5+ 17. Kf3 Bc4 18. Bd4 Bxb3 19. axb3 {0-1 (46) Tomazini,Z (2119)-Srebrnic,M (2333) Otocec 2009}) 12... Bd7 13. Nc3 Rc8 {...Rxc3 is the strong threat.} 14. Be3 ({Better is} 14. Qg3 $15 Qxg3 15. hxg3) 14... Rxc3 $17 15. bxc3 Qxc3+ {[%mdl 64] Double Attack} 16. Ke2 Bb5+ 17. Kf3 {[#]} Qxe5 ({Black should try} 17... Bc6+ $1 18. Kg3 Qxe5+ 19. Kh3 Be7) 18. Rhd1 Bd6 (18... Be7 $15 19. Rac1 O-O) 19. Rxd6 $11 Qxd6 20. Qxg7 Bc6+ 21. Ke2 Qf8 22. Qe5 Nd7 23. Qc3 Rg8 ({Avoid the trap} 23... Bxg2 $2 24. Ba4 $18) 24. g3 Qa3 25. Rd1 a5 $2 {[%mdl 8192] [#]} (25... Qa6+ $11 {and Black is okay.} 26. Kd2 Qb5) 26. Rxd7 $1 {[%mdl 512] Weighted Error Value: White=0.25/Black=0.56} 1-0

[Event "Uruguayan-ch Final 2021"]
[Site "Montevideo"]
[Date "2021.11.23"]
[Round "2.3"]
[White "Vazquez, Facundo"]
[Black "Coppola, Claudio"]
[Result "1/2-1/2"]
[WhiteElo "2163"]
[BlackElo "2248"]
[Annotator "TA"]
[PlyCount "72"]
[EventDate "2021.11.22"]
[EventType "tourn"]
[EventCountry "URU"]
[SourceTitle "playchess.com"]
[Source "ChessBase"]
[SourceQuality "1"]

{[%evp 13,72,18,26,28,49,29,28,-18,48,-22,0,0,0,0,5,-13,0,0,6,0,76,52,77,18,12,11,15,18,49,43,118,104,306,243,354,162,134,130,124,125,120,120,123,121,161,154,242,248,221,245,234,242,445,460,460,456,454,433,368,289,1664]} 1. d4 d5 2. c4 c6 3. Nf3 Nf6 4. e3 Bf5 5. Nc3 e6 6. Nh4 Bg6 7. Nxg6 hxg6 8. Bd2 {D12: Slav Defence: 3 Nf3 Nf6 4 e3 Bf5.} Bd6 9. Qc2 Nbd7 10. O-O-O {[#] White has an edge.} O-O $146 (10... Ng4 $11 11. Be1 Rxh2 12. Rxh2 Nxh2) ({Predecessor:} 10... a6 11. Kb1 dxc4 12. Bxc4 b5 13. Be2 c5 14. d5 exd5 15. Bc1 Nb6 16. Bf3 Qc7 17. Nxd5 Nbxd5 18. Bxd5 {1-0 (37) Can,E (2569)-Banusz,T (2631) Tornelo INT 2021}) 11. e4 ({White should play} 11. h4 $14) 11... dxe4 12. Nxe4 Nxe4 13. Qxe4 Nf6 14. Qc2 b5 15. Kb1 bxc4 16. Bxc4 Qb6 (16... Qc7 $11 {keeps the balance.}) 17. h4 $16 Rab8 18. Bc1 (18. h5 $16) 18... c5 $11 19. d5 exd5 20. Bxd5 Be5 21. Bc4 Qb4 (21... Bd4 $14) 22. Rh3 $16 Rfd8 $2 {[#]} (22... Qb7 $16 {was called for.}) 23. Rb3 Qa4 (23... Qa5 $142 24. Rxd8+ Qxd8 25. Qxg6 Qe8) 24. Rxb8 (24. Re1 $142 Bd4 25. Re7) 24... Qxc2+ $18 25. Kxc2 Rxb8 26. Re1 Nd7 27. b3 Bf6 28. Re4 Kf8 29. Bf4 Re8 (29... Rb6 $16 {keeps fighting.} 30. a4 Be7) 30. Bd6+ Be7 {[#]} 31. Rxe7 Rxe7 {KRN-KB} 32. Bb5 {Strongly threatening Bxd7.} Ke8 (32... Ne5 {was worth a try.} 33. Bxc5 f6) 33. Bxe7 Kxe7 34. Bxd7 Kxd7 35. Kd3 Kd6 36. Kc4 Ke5 $2 {[%mdl 32768] Weighted Error Value: White=0.21/Black=0.44. An unexpected result.} (36... Kc6 37. b4 cxb4) 1/2-1/2

[Event "Uruguayan-ch Final 2021"]
[Site "Montevideo"]
[Date "2021.11.23"]
[Round "2.4"]
[White "Roselli Mailhe, Bernardo"]
[Black "Carbone, Diego"]
[Result "1-0"]
[WhiteElo "2428"]
[BlackElo "2236"]
[Annotator "TA"]
[PlyCount "57"]
[EventDate "2021.11.22"]
[EventType "tourn"]
[EventCountry "URU"]
[SourceTitle "playchess.com"]
[Source "ChessBase"]
[SourceQuality "1"]

{[%evp 11,57,7,15,10,20,4,17,19,21,21,22,12,29,0,15,6,20,26,49,43,29,21,36,40,48,58,67,64,82,84,98,93,275,272,339,302,356,298,342,335,342,325,414,415,760,751,748,752]} 1. d4 Nf6 2. Nf3 g6 3. Bf4 Bg7 4. e3 O-O 5. Be2 d6 6. O-O c5 7. c3 {A48: 1 d4 Nf6 2 Nf3 g6: Torre, London and Colle Systems.} b6 8. a4 a6 9. h3 {The position is equal.} Bb7 10. Bh2 Nbd7 11. Qb3 Ne4 12. Rd1 {[#]} Ndf6 $146 ({Predecessor:} 12... Qc7 13. Qa3 Rfb8 14. b4 b5 15. bxc5 Qc6 16. cxd6 exd6 17. Ne1 Rc8 18. Bf3 d5 {1-0 (44) Peatman,C (1963)-Kotliar,M (2300) Chess.com INT 2020}) 13. Na3 Rb8 14. d5 Re8 15. Ne1 Bh6 16. c4 {Black must now prevent f3.} e6 17. Nec2 exd5 18. cxd5 c4 19. Bxc4 Nc5 20. Qb4 Re4 21. b3 b5 $2 {[#] A mistake that costs the game.} (21... Nxd5 $16 22. Qd2 Rxc4 23. bxc4 Nb3) 22. axb5 $18 axb5 23. Nxb5 Bxd5 24. Ncd4 Bf8 25. Bxd5 Nxd5 26. Qc4 Nb6 27. Qc2 Qe8 (27... Rxd4 $142 28. Nxd4 Rc8) 28. Nxd6 Bxd6 29. Bxd6 {Weighted Error Value: White=0.07/Black=0.31} 1-0

[Event "Uruguayan-ch Final 2021"]
[Site "Montevideo"]
[Date "2021.11.23"]
[Round "2.5"]
[White "Hoffman, Alejandro"]
[Black "Granara Barreto, Sebastian"]
[Result "1/2-1/2"]
[WhiteElo "2440"]
[BlackElo "2156"]
[Annotator "TA"]
[PlyCount "62"]
[EventDate "2021.11.22"]
[EventType "tourn"]
[EventCountry "URU"]
[SourceTitle "playchess.com"]
[Source "ChessBase"]
[SourceQuality "1"]

{[%evp 14,62,26,14,50,37,56,64,41,39,88,61,84,70,69,46,64,44,66,36,94,71,89,81,70,69,76,64,64,67,94,67,65,68,109,115,122,116,112,35,35,35,56,0,0,-16,-16,-16,-16,-16,-16]} 1. d4 d5 2. c4 c6 3. Nc3 Nf6 4. e3 e6 5. Nf3 Nbd7 6. Bd3 Bd6 7. O-O O-O 8. e4 {[#] aiming for e5.} e5 {D46: Semi-Slav: 5 e3 Nbd7 6 Bd3, Black avoids the Meran.} 9. cxd5 exd4 10. Nxd4 cxd5 {White is slightly better.} 11. exd5 Nc5 {[#]} 12. Be2 $146 ({Predecessor:} 12. Bf5 Nxd5 13. Nxd5 Bxh2+ 14. Kxh2 Qxd5 15. Bxc8 Raxc8 16. Be3 Rcd8 17. Kg1 Qe4 18. Qc2 Rxd4 19. Qxe4 Rxe4 20. Bxc5 {1-0 (24) Romanov,O (2275)-Bednarski,J (2280) Katowice 1995}) 12... Nfe4 13. Nxe4 Nxe4 14. Qd3 Re8 15. Be3 Be5 16. Rad1 {And now Ne6 would win.} Nd6 (16... Qxd5 $14 17. Qb5 Qxb5 18. Bxb5 Rf8) 17. Bf3 Bd7 18. b3 Rc8 19. a4 a6 20. g3 Qa5 21. Rc1 h6 22. Rfd1 Rxc1 23. Rxc1 Rc8 24. Rxc8+ Bxc8 25. Kg2 Bd7 26. g4 (26. h3 $16) 26... Qd8 $14 27. h3 h5 $1 28. Nf5 (28. Qd1 $14) 28... hxg4 $11 {The position is equal.} 29. Bxg4 Nxf5 30. Bxf5 Bxf5 31. Qxf5 Qxd5+ {[%mdl 64] Double Attack.  Weighted Error Value: White=0.13/Black=0.13} 1/2-1/2